| 000 | 04468cam a2200517 i 4500 | ||
|---|---|---|---|
| 999 |
_c532779 _d532779 |
||
| 001 | 18653986 | ||
| 003 | NUST | ||
| 005 | 20191202184330.0 | ||
| 008 | 150611r20142014nyuab b 001 0aeng d | ||
| 010 | _a 2015413376 | ||
| 020 | _a0802123147 (hardcover) | ||
| 020 | _a9780802123145 (hardcover) | ||
| 020 | _z9780802192363 (eISBN) | ||
| 035 | _a(OCoLC)ocn886536176 | ||
| 038 | _aMSOHAIL | ||
| 040 |
_aPNX _beng _cPNX _erda _dPNX _dOCLCO _dOCO _dBUR _dOCLCQ _dBDX _dYDXCP _dMR0 _dZQP _dABG _dGO3 _dUPZ _dCHVBK _dIXA _dCOH _dDLC |
||
| 042 | _alccopycat | ||
| 043 |
_ae-dk--- _an-us--- |
||
| 050 | 0 | 0 |
_aUB271.U52 _bS76 2014 |
| 082 | 0 | 4 |
_a327.12092 _aB _223 |
| 100 | 1 |
_aStorm, Morten, _eauthor. _926364 |
|
| 245 | 1 | 0 |
_aAgent Storm : _bMy Life Inside Al Qaeda and the CIA / _cMorten Storm ; with Paul Cruickshank and Tim Lister. |
| 264 | 1 |
_aNew York, NY : _bAtlantic Monthly Press, _c[2014] |
|
| 300 |
_axi, 403 pages : _billustrations, map ; _c24 cm |
||
| 336 |
_atext _btxt _2rdacontent |
||
| 337 |
_aunmediated _bn _2rdamedia |
||
| 338 |
_avolume _bnc _2rdacarrier |
||
| 500 | _a"First published in Great Britain in 2014 by the Penguin Group"--Title-page verso. | ||
| 504 | _aIncludes bibliographical references and index. | ||
| 505 | 0 | _aDesert road : mid-September 2009 -- Gangs, girls, God : 1976-1997 -- The convert : early 1997-summer 1997 -- Arabia : late summer 1997-summer 1998 -- Londonistan : summer 1998-early 2000 -- Death to America : early 2000-spring 2000 -- Family feuds : summer 2002-spring 2005 -- MI5 comes to Luton : spring-autumn 2005 -- Meeting the Sheikh : late 2005-late summer 2006 -- The fall : late summer 2006-spring 2007 -- Switching sides : spring 2007 -- London calling : spring 2007 -- From Langley with love : summer 2007-early 2008 -- Cocaine and Allah : early 2008 -- Clerical terror : spring-autumn 2008 -- Killing Mr. John : autumn 2008-spring 2009 -- Mujahideen secrets : autumn 2009 -- Anwar's blonde : spring-summer 2010 -- A new cover : summer-winter 2010 -- Target Awlaki : early 2011-summer 2011 -- A long hot summer : July-September 2011 -- Breaking with Big Brother : autumn 2011 -- Back in the ring : late 2011 -- The lion's den : January 2012 -- Operation Amanda : January-May 2012 -- Chinese whispers : May 2012 -- A spy in the cold : 2012-2013. | |
| 520 | _aA Danish national-turned-associate of al Qaeda provides an inside look at his decade as a radical Islamist, as well as his ultimate decision to leave the jihadist life and become a double agent for the CIA and British and Danish intelligence. | ||
| 520 | _aMorten Storm was an unlikely jihadi. A six-foot-one red-haired Dane, Storm spent his teens in and out of trouble. A book about the Prophet Mohammed prompted his conversion to Islam, and Storm sought purpose in a community of believers. He attended a militant madrasah in Yemen, named his son Osama, and became close friends with Anwar al-Awlaki, the American-born terrorist cleric. But after a decade of jihadi life, he not only repudiated extremism but, in a quest for atonement, became a double agent for the CIA and British and Danish intelligence. Agent Storm takes readers inside the jihadist world like never before, showing the daily life of idealistic men set on mass murder, from dodging drones with al-Qaeda leaders in the Arabian desert to training in extremist gyms in Britain and performing supply drops in Kenya. The book also provides a tantalizing look at his dangerous life undercover, as Storm traveled the world for missions targeting its most dangerous terrorists, and into the world's most powerful spy agencies: their tradecraft, rivalries, and late-night carousing, as well as their ruthless use of a beautiful blonde in an ambitious honey trap. Agent Storm is a captivating real-life thriller.--From publisher description. | ||
| 600 | 1 | 0 |
_aStorm, Morten. _926364 |
| 600 | 1 | 0 |
_aAl-Awlaki, Anwar. _926365 |
| 600 | 1 | 7 |
_aStorm, Morten. _2gnd _926364 |
| 610 | 1 | 0 |
_aUnited States. _bCentral Intelligence Agency. _912096 |
| 610 | 2 | 0 |
_aQaida (Organization) _911301 |
| 650 | 0 |
_aIntelligence officers _zDenmark _vBiography. _926366 |
|
| 650 | 0 |
_aWar on Terrorism, 2001-2009. _914608 |
|
| 650 | 0 |
_aUndercover operations. _925163 |
|
| 700 | 1 |
_aCruickshank, Paul, _eauthor. _926367 |
|
| 700 | 1 |
_aLister, Tim _c(Journalist), _eauthor. _926368 |
|
| 906 |
_a7 _bcbc _ccopycat _d2 _encip _f20 _gy-gencatlg |
||
| 942 |
_2ddc _cBK |
||